[Event "Izhevsk Corporation Cup 5th"]
[Site "Izhevsk"]
[Date "2013.07.16"]
[Round "5"]
[White "Pushin, Vladimir"]
[Black "Smirnov, Alexey1111"]
[Result "1/2-1/2"]
[WhiteElo "2349"]
[BlackElo "2405"]
[PlyCount "35"]
[EventDate "2013.07.11"]
[EventType "swiss"]
[EventRounds "9"]
[EventCountry "RUS"]
[SourceTitle "EXT 2014"]
[Source "ChessBase"]
[SourceDate "2013.11.20"]
[SourceVersion "1"]
[SourceVersionDate "2013.11.20"]
[SourceQuality "1"]

1. d4 d5 2. c4 c6 3. Nc3 Nf6 4. cxd5 cxd5 5. Bf4 Nc6 6. e3 Bf5 7. Nf3 e6 8. Bd3 Bxd3 9. Qxd3 Bd6 10. Bxd6 Qxd6 11. 0-0 0-0 12. Rfc1 Rfc8 13. Nb5 Qd8 14. Nc3 h6 15. h3 Rc7 16. Nb5 Rcc8 17. Nc3 Rc7 18. Nb5 1/2-1/2

[Event "Izhevsk Udmurtia-ch"]
[Site "Izhevsk"]
[Date "2011.12.02"]
[Round "1"]
[White "Kostitsina, Liubov"]
[Black "Pushin, Vladimir"]
[Result "1/2-1/2"]
[WhiteElo "2055"]
[BlackElo "2399"]
[PlyCount "78"]
[EventDate "2011.12.02"]
[EventType "swiss"]
[EventRounds "11"]
[EventCountry "RUS"]
[SourceTitle "CBM 146 Extra"]
[Source "ChessBase"]
[SourceDate "2012.02.29"]
[SourceVersion "1"]
[SourceVersionDate "2012.02.29"]
[SourceQuality "1"]

1. e4 c6 2. d4 d5 3. e5 Bf5 4. Nd2 e6 5. Nb3 Nd7 6. Nf3 Ne7 7. Be2 Bg6 8. a4 Nf5 9. 0-0 h5 10. a5 a6 11. Be3 h4 12. h3 c5 13. c4 dxc4 14. Bxc4 cxd4 15. Bg5 Be7 16. Bxe7 Qxe7 17. Nbxd4 Rc8 18. Nxf5 Bxf5 19. Bd3 Rh5 20. Be2 Bg6 21. Qa4 Kf8 22. Rac1 Rd8 23. Rc7 Nc5 24. Rxe7 Nxa4 25. Rxb7 Be4 26. Rb4 Nc5 27. Nd2 Rxe5 28. Nxe4 Rxe4 29. Rxe4 Nxe4 30. Bxa6 Rb8 31. Ra1 Rxb2 32. Bd3 Nd6 33. a6 Rb8 34. Be2 Ra8 35. Ra4 g5 36. a7 e5 37. Bf3 e4 38. Bxe4 Nxe4 39. Rxe4 Rxa7 1/2-1/2

[Event "Izhevsk Corporation Cup-A 3rd"]
[Site "Izhevsk"]
[Date "2011.07.22"]
[Round "7"]
[White "Tsvetkov, Pavel"]
[Black "Pushin, Vladimir"]
[Result "0-1"]
[WhiteElo "2062"]
[BlackElo "2430"]
[PlyCount "110"]
[EventDate "2011.07.15"]
[EventType "swiss"]
[EventRounds "9"]
[EventCountry "RUS"]
[SourceTitle "CBM 143 Extra"]
[Source "ChessBase"]
[SourceDate "2011.08.29"]
[SourceVersion "1"]
[SourceVersionDate "2011.08.29"]
[SourceQuality "1"]

1. e4 c6 2. d4 d5 3. Nc3 dxe4 4. Nxe4 Bf5 5. Ng3 Bg6 6. Nf3 Nd7 7. Bc4 e6 8. h4 h6 9. Bf4 Ngf6 10. Bd3 Bxd3 11. Qxd3 Qa5+ 12. c3 Be7 13. Nd2 Nd5 14. Qf3 0-0 15. Nge4 Nxf4 16. Qxf4 Rad8 17. g4 f5 18. gxf5 exf5 19. Ng3 Qd5 20. Qf3 Qe6+ 21. Kf1 Bd6 22. Re1 Qxa2 23. Nxf5 Qf7 24. Nxd6 Qxf3 25. Nxf3 Rxf3 26. Re7 Kf8 27. Re3 Rf6 28. Nxb7 Rb8 29. Na5 Rxb2 30. Re2 Rb1+ 31. Kg2 Rxh1 32. Kxh1 c5 33. d5 Rf3 34. Nc6 Rxc3 35. Re7 Nf6 36. Rxa7 Nxd5 37. Ne5 Kg8 38. Ra8+ Kh7 39. Rc8 Nf4 40. Rc6 Rc2 41. Kh2 Rc3 42. f3 Rc2+ 43. Kg3 Nd5 44. Rc8 Ne7 45. Rc7 Nf5+ 46. Kh3 Ne3 47. h5 Nd5 48. Rc8 Nf6 49. Ng6 Nxh5 50. Nf8+ Kg8 51. Ne6+ Kf7 52. Rxc5 Rxc5 53. Nxc5 g5 54. Nd3 Ke6 55. f4 Nxf4+ 0-1

[Event "Izhevsk Corporation Cup-A 3rd"]
[Site "Izhevsk"]
[Date "2011.07.21"]
[Round "6"]
[White "Pushin, Vladimir"]
[Black "Vaseptsov, Maxim"]
[Result "1/2-1/2"]
[WhiteElo "2430"]
[BlackElo "2193"]
[PlyCount "113"]
[EventDate "2011.07.15"]
[EventType "swiss"]
[EventRounds "9"]
[EventCountry "RUS"]
[SourceTitle "CBM 143 Extra"]
[Source "ChessBase"]
[SourceDate "2011.08.29"]
[SourceVersion "1"]
[SourceVersionDate "2011.08.29"]
[SourceQuality "1"]

1. d4 Nf6 2. c4 e6 3. Nc3 Bb4 4. Qc2 c5 5. dxc5 Na6 6. a3 Qa5 7. Bd2 Nxc5 8. Nf3 Bxc3 9. Bxc3 Qa4 10. Qxa4 Nxa4 11. Bxf6 gxf6 12. 0-0-0 Nc5 13. Nd2 a5 14. g3 b6 15. Bg2 Bb7 16. Bxb7 Nxb7 17. Ne4 Ke7 18. Rd4 Rhc8 19. Nc3 Nc5 20. Kc2 a4 21. Rhd1 Rc6 22. Rh4 Nb7 23. Rdd4 Nd6 24. c5 bxc5 25. Rxa4 Rb8 26. Rxh7 Rcb6 27. Nd1 Nb5 28. e3 d5 29. Ra5 R8b7 30. Rh8 Nd6 31. Rxc5 Ne4 32. Rcc8 Nxf2 33. b4 Nxd1 34. Kxd1 Ra6 35. Ra8 Rba7 36. Rxa7+ Rxa7 37. b5 Rxa3 38. b6 Rb3 39. Rb8 Kd7 40. Rb7+ Kc6 41. Rxf7 Kxb6 42. Rxf6 Rxe3 43. g4 Kc5 44. g5 Kd6 45. g6 Ra3 46. h4 Ke7 47. Rf7+ Ke8 48. Rb7 Kf8 49. h5 Rh3 50. Rh7 Kg8 51. Ke2 d4 52. Kf2 d3 53. Ke1 e5 54. Kd2 e4 55. h6 Rh2+ 56. Ke3 d2 57. Rd7 1/2-1/2

[Event "Izhevsk Corporation Cup-A 3rd"]
[Site "Izhevsk"]
[Date "2011.07.15"]
[Round "1"]
[White "Shaydullina, Sandugach"]
[Black "Pushin, Vladimir"]
[Result "1-0"]
[WhiteElo "2158"]
[BlackElo "2430"]
[PlyCount "67"]
[EventDate "2011.07.15"]
[EventType "swiss"]
[EventRounds "9"]
[EventCountry "RUS"]
[SourceTitle "CBM 143 Extra"]
[Source "ChessBase"]
[SourceDate "2011.08.29"]
[SourceVersion "1"]
[SourceVersionDate "2011.08.29"]
[SourceQuality "1"]

1. d4 d5 2. c4 c6 3. cxd5 cxd5 4. Nc3 Nf6 5. Nf3 e6 6. Bf4 Be7 7. e3 0-0 8. h3 Qb6 9. a3 Bd7 10. Qc2 Rc8 11. Bd3 Nc6 12. 0-0 h6 13. Rac1 Na5 14. Nd2 Qd8 15. Qd1 a6 16. e4 Qb6 17. b4 Nc4 18. Nxc4 dxc4 19. Bb1 a5 20. e5 Nd5 21. Bxh6 gxh6 22. Qg4+ Bg5 23. h4 f5 24. Qg3 Nxc3 25. Rxc3 Qxd4 26. hxg5 Kf7 27. Rcc1 f4 28. Qf3 Qxe5 29. Qxb7 Qb5 30. g6+ Ke7 31. Qe4 Qg5 32. Qd4 e5 33. Rfe1 Ke6 34. Rcd1 1-0

[Event "Privolzhskogo FO-ch"]
[Site "Togliatti"]
[Date "2011.03.18"]
[Round "9"]
[White "Pushin, Vladimir"]
[Black "Kokarev, Dmitry"]
[Result "1-0"]
[WhiteElo "2393"]
[BlackElo "2576"]
[PlyCount "85"]
[EventDate "2011.03.10"]
[EventType "swiss"]
[EventRounds "9"]
[EventCountry "RUS"]
[SourceTitle "CBM 141 Extra"]
[Source "ChessBase"]
[SourceDate "2011.05.03"]
[SourceVersion "1"]
[SourceVersionDate "2011.05.03"]
[SourceQuality "1"]

1. d4 Nf6 2. c4 g6 3. Nc3 Bg7 4. e4 0-0 5. f3 d6 6. Nge2 c5 7. Be3 Qa5 8. Qd2 Nc6 9. d5 Ne5 10. Nc1 a6 11. Nb3 Qb4 12. Nd1 a5 13. Be2 Bd7 14. 0-0 Rfb8 15. Qc2 a4 16. Nc1 a3 17. b3 Nxd5 18. cxd5 Nxf3+ 19. gxf3 Bxa1 20. Nd3 Qa5 21. Kg2 Bg7 22. Bg5 Bf6 23. h4 b5 24. Ne3 Qd8 25. f4 Rc8 26. Nf2 c4 27. bxc4 bxc4 28. Bxf6 exf6 29. Qc3 Qb6 30. Bxc4 Ra4 31. h5 gxh5 32. Kf3 Qb2 33. Qd3 f5 34. exf5 Kh8 35. Ne4 Rg8 36. Ng5 f6 37. Nf7+ Kg7 38. Nxd6 Qh2 39. Rf2 Qh3+ 40. Ke2 Raa8 41. Qe4 Rae8 42. Nxe8+ Rxe8 43. Qg2+ 1-0

[Event "Moscow op-E"]
[Site "Moscow"]
[Date "2011.01.31"]
[Round "3"]
[White "Pushin, Vladimir"]
[Black "Volkov, Sergey"]
[Result "1/2-1/2"]
[WhiteElo "2395"]
[BlackElo "2602"]
[PlyCount "208"]
[EventDate "2011.01.29"]
[EventType "swiss"]
[EventRounds "9"]
[EventCountry "RUS"]
[SourceTitle "CBM 140 Extra"]
[Source "ChessBase"]
[SourceDate "2011.03.01"]
[SourceVersion "1"]
[SourceVersionDate "2011.03.01"]
[SourceQuality "1"]

1. d4 d5 2. c4 e6 3. Nc3 c6 4. e3 f5 5. Bd3 Nf6 6. Nge2 Bd6 7. f3 0-0 8. Qc2 Na6 9. a3 dxc4 10. Bxc4 b5 11. Ba2 Kh8 12. 0-0 Qe7 13. b4 Nc7 14. Bd2 a5 15. Rfb1 axb4 16. axb4 Na6 17. Nd1 Nxb4 18. Bxb4 Bxb4 19. Qxc6 Bd7 20. Qc2 Rfc8 21. Qb2 Ba3 22. Qd2 e5 23. Ndc3 exd4 24. exd4 Bb4 25. Qd3 Ra3 26. Bb3 Bxc3 27. Nxc3 b4 28. Rxa3 bxa3 29. Ba2 h6 30. Kf2 Qd6 31. Ne2 Ra8 32. g3 Nd5 33. Qc4 Be6 34. Qc5 Qd7 35. Rb3 Qa7 36. Rb1 Qf7 37. Qd6 f4 38. Rb8+ Rxb8 39. Qxb8+ Kh7 40. Qd6 Qf5 41. Bxd5 Bxd5 42. Qxa3 Bc4 43. Nxf4 Qc2+ 44. Ke3 Qxh2 45. Qc3 Qg1+ 46. Ke4 Bf7 47. Ne2 Qf2 48. Qe3 Bd5+ 49. Kd3 Qxf3 50. Qxf3 Bxf3 51. Ke3 Bb7 52. Kf4 Kg6 53. Ke5 Kg5 54. d5 Kg4 55. d6 Bc8 56. Nd4 h5 57. Ne6 g5 58. Kf6 h4 59. gxh4 gxh4 60. Ng5 Kh5 61. Nf3 h3 62. Ke5 Kg4 63. Ke4 Kg3 64. Ke3 Bg4 65. Nd2 Bd7 66. Nf3 Bb5 67. Ke4 Bc6+ 68. Ke3 Bb5 69. Ke4 Ba4 70. Ke3 Bc6 71. Nd2 Kg2 72. Nf3 Bb5 73. Ne1+ Kf1 74. Nf3 Bc6 75. Nh2+ Kg1 76. Nf3+ Bxf3 77. d7 h2 78. d8Q h1Q 79. Qg5+ Bg2 80. Qc5 Qh6+ 81. Ke2+ Kh1 82. Qe3 Qd6 83. Qd2 Qa6+ 84. Ke3 Kh2 85. Qd4 Qa3+ 86. Kd2 Qa2+ 87. Ke3 Qe6+ 88. Kd2 Qh6+ 89. Ke2 Qh5+ 90. Kd2 Qg5+ 91. Ke2 Bd5 92. Qf2+ Bg2 93. Qd4 Qh5+ 94. Kd2 Bf3 95. Qf2+ Kh3 96. Qf1+ Bg2 97. Qd3+ Kh2 98. Qd4 Bd5 99. Qf2+ Kh3 100. Qf1+ Kg4 101. Qd1+ Bf3 102. Qg1+ Kh3 103. Qf1+ Kh2 104. Qf2+ Bg2 1/2-1/2

[Event "RUS-chT2 17th"]
[Site "Dagomys"]
[Date "2010.04.06"]
[Round "5"]
[White "Sumets, Andrey"]
[Black "Pushin, Vladimir"]
[Result "1-0"]
[WhiteElo "2614"]
[BlackElo "2389"]
[PlyCount "73"]
[EventDate "2010.04.01"]
[EventType "team-tourn"]
[EventRounds "7"]
[EventCountry "RUS"]
[SourceTitle "CBM 135 Extra"]
[Source "ChessBase"]
[SourceDate "2010.05.04"]
[SourceVersion "1"]
[SourceVersionDate "2010.05.04"]
[SourceQuality "1"]

1. d4 Nf6 2. c4 e6 3. Nc3 d5 4. Nf3 dxc4 5. e3 a6 6. a4 c5 7. Bxc4 Nc6 8. 0-0 Be7 9. dxc5 Qc7 10. b3 Bxc5 11. Bb2 0-0 12. Qc2 Bd7 13. Ne4 Be7 14. Nxf6+ Bxf6 15. Bxf6 gxf6 16. Bd3 Rac8 17. Bxh7+ Kg7 18. Be4 Rh8 19. Rfd1 f5 20. Bd3 f6 21. Rac1 Be8 22. h3 f4 23. Nd4 Qe5 24. Nxe6+ Qxe6 25. Bf5 Qe5 26. Bxc8 Bg6 27. Qd2 fxe3 28. Qd7+ Kh6 29. Bxb7 e2 30. Bxc6 exd1Q+ 31. Rxd1 Rb8 32. Qd2+ Kg7 33. b4 Bf7 34. b5 Bb3 35. Re1 Qc5 36. Qf4 Rf8 37. Qg3+ 1-0

[Event "RUS-chT2 17th"]
[Site "Dagomys"]
[Date "2010.04.04"]
[Round "3"]
[White "Ovod, Evgenija"]
[Black "Pushin, Vladimir"]
[Result "1-0"]
[WhiteElo "2421"]
[BlackElo "2389"]
[PlyCount "103"]
[EventDate "2010.04.01"]
[EventType "team-tourn"]
[EventRounds "7"]
[EventCountry "RUS"]
[SourceTitle "CBM 135 Extra"]
[Source "ChessBase"]
[SourceDate "2010.05.04"]
[SourceVersion "1"]
[SourceVersionDate "2010.05.04"]
[SourceQuality "1"]

1. d4 d5 2. c4 c6 3. Nf3 Nf6 4. Nc3 dxc4 5. a4 Bf5 6. e3 e6 7. Bxc4 Bb4 8. Ne5 Nbd7 9. Nxd7 Nxd7 10. 0-0 0-0 11. e4 Bg6 12. f3 Qh4 13. g3 Qe7 14. Be3 e5 15. d5 Bc5 16. Qe2 Bd4 17. Nd1 Kh8 18. Nf2 Nb6 19. Bxd4 exd4 20. dxc6 bxc6 21. a5 Nd7 22. Rfd1 c5 23. b4 Rad8 24. f4 f6 25. Bd5 f5 26. e5 Nxe5 27. Bg2 Nc6 28. Qxe7 Nxe7 29. bxc5 Bh5 30. Rd2 Be8 31. Re1 Ng8 32. Re5 g6 33. Rd5 Rc8 34. R2xd4 Nf6 35. Re5 Nd7 36. Re7 Rxc5 37. a6 Rc1+ 38. Rd1 Rxd1+ 39. Nxd1 Nc5 40. Rxa7 Bb5 41. Bf1 Rd8 42. Bxb5 Rxd1+ 43. Kf2 Ra1 44. Ke3 Ne6 45. Re7 Ra3+ 46. Kd2 Nd4 47. Bc4 Nc6 48. Rc7 Na5 49. Bd3 Nb3+ 50. Ke3 h5 51. a7 Nc1 52. Rc8+ 1-0

[Event "Nabereznye Chelny op 8th"]
[Site "Nabereznye Chelny"]
[Date "2010.01.23"]
[Round "5"]
[White "Pushin, Vladimir"]
[Black "Bronnikov, Konstantin Alexandr"]
[Result "1-0"]
[WhiteElo "2391"]
[BlackElo "2227"]
[PlyCount "75"]
[EventDate "2010.01.19"]
[EventType "swiss"]
[EventRounds "9"]
[EventCountry "RUS"]
[SourceTitle "CBM 134 Extra"]
[Source "ChessBase"]
[SourceDate "2010.03.03"]
[SourceVersion "1"]
[SourceVersionDate "2010.03.03"]
[SourceQuality "1"]

1. c4 e6 2. Nc3 d5 3. d4 Be7 4. Nf3 Nf6 5. Bg5 h6 6. Bh4 0-0 7. e3 Nbd7 8. cxd5 Nxd5 9. Bxe7 Nxe7 10. Be2 Ng6 11. 0-0 c6 12. Qc2 e5 13. d5 cxd5 14. Nxd5 Nf6 15. Nc7 Rb8 16. Rfd1 Qe7 17. Rac1 a6 18. Qb3 Bf5 19. Nd5 Nxd5 20. Qxd5 Rfd8 21. Qa5 Rxd1+ 22. Bxd1 Rc8 23. Rxc8+ Bxc8 24. Bc2 Bg4 25. Nd2 Nf8 26. h3 Bc8 27. Nc4 f6 28. Qb6 Be6 29. Nd6 Bxa2 30. Nxb7 Bc4 31. Nd6 Be2 32. Bb3+ Kh7 33. Qc5 Bd3 34. Qd5 Bb1 35. Qg8+ Kg6 36. Bf7+ Kg5 37. Qxg7+ Ng6 38. e4 1-0

[Event "RUS-chT Regions"]
[Site "Tula"]
[Date "2009.11.??"]
[Round "6"]
[White "Alavkin, Arseny Nailievich"]
[Black "Pushin, Vladimir"]
[Result "0-1"]
[WhiteElo "2439"]
[BlackElo "2338"]
[PlyCount "88"]
[EventDate "2009.11.??"]
[EventType "team-tourn"]
[EventRounds "9"]
[EventCountry "RUS"]
[SourceTitle "EXT 2011"]
[Source "ChessBase"]
[SourceDate "2010.11.26"]
[SourceVersion "1"]
[SourceVersionDate "2010.11.26"]
[SourceQuality "1"]

1. e4 c5 2. Nf3 d6 3. d4 cxd4 4. Nxd4 Nf6 5. f3 e5 6. Nb3 d5 7. Bg5 Be6 8. Bxf6 gxf6 9. exd5 Qxd5 10. Qxd5 Bxd5 11. Nc3 Be6 12. 0-0-0 Nc6 13. Nd5 0-0-0 14. c4 Nb4 15. Nxb4 Bxb4 16. Bd3 Rhg8 17. g4 h5 18. h3 Rd7 19. Na1 Rgd8 20. Kc2 Rc7 21. a3 Bf8 22. Kb1 hxg4 23. hxg4 Bxc4 24. Bxc4 Rxd1+ 25. Rxd1 Rxc4 26. Nc2 Rf4 27. Rd3 f5 28. gxf5 Rxf5 29. Kc1 Bh6+ 30. Kd1 Rh5 31. Nb4 Rh2 32. Rc3+ Kd7 33. Nd3 Kd6 34. b4 f5 35. Rc8 Bg5 36. Ke1 Ra2 37. Rf8 Rxa3 38. Ke2 Ra2+ 39. Ke1 e4 40. fxe4 fxe4 41. Nc5 Bh4+ 42. Kd1 e3 43. Re8 b6 44. Nb3 Be7 0-1

[Event "RUS-chT Regions"]
[Site "Tula"]
[Date "2009.11.??"]
[Round "8"]
[White "Maletin, Pavel"]
[Black "Pushin, Vladimir"]
[Result "1/2-1/2"]
[WhiteElo "2571"]
[BlackElo "2338"]
[PlyCount "51"]
[EventDate "2009.11.??"]
[EventType "team-tourn"]
[EventRounds "9"]
[EventCountry "RUS"]
[SourceTitle "EXT 2011"]
[Source "ChessBase"]
[SourceDate "2010.11.26"]
[SourceVersion "1"]
[SourceVersionDate "2010.11.26"]
[SourceQuality "1"]

1. Nf3 d5 2. g3 c6 3. c4 Bg4 4. Qb3 Bxf3 5. exf3 Qd7 6. d4 dxc4 7. Bxc4 e6 8. Nc3 Nf6 9. 0-0 Be7 10. Re1 0-0 11. a4 Nd5 12. f4 Bf6 13. Be3 Nxe3 14. fxe3 a5 15. Rad1 Qc7 16. Ne4 Be7 17. Rf1 Nd7 18. f5 e5 19. dxe5 Nxe5 20. f6 gxf6 21. Nxf6+ Bxf6 22. Rxf6 Rae8 23. Rdf1 Nxc4 24. Qxc4 Rxe3 25. Qg4+ Kh8 26. Qd4 1/2-1/2

[Event "RUS-chT Regions"]
[Site "Tula"]
[Date "2009.11.??"]
[Round "9"]
[White "Pushin, Vladimir"]
[Black "Potapov, Pavel"]
[Result "1/2-1/2"]
[WhiteElo "2338"]
[BlackElo "2442"]
[PlyCount "57"]
[EventDate "2009.11.??"]
[EventType "team-tourn"]
[EventRounds "9"]
[EventCountry "RUS"]
[SourceTitle "EXT 2011"]
[Source "ChessBase"]
[SourceDate "2010.11.26"]
[SourceVersion "1"]
[SourceVersionDate "2010.11.26"]
[SourceQuality "1"]

1. c4 f5 2. Nc3 Nf6 3. g3 g6 4. Bg2 Bg7 5. e3 d6 6. Nge2 0-0 7. 0-0 e5 8. d3 Nc6 9. Rb1 a5 10. a3 g5 11. f4 gxf4 12. exf4 Re8 13. h3 Qe7 14. fxe5 dxe5 15. Bg5 Qf7 16. Nd5 Nxd5 17. Bxd5 Be6 18. g4 f4 19. Nc3 Bxd5 20. Nxd5 Nd4 21. Bh4 f3 22. Qe1 Re6 23. Qe4 c6 24. Nc3 Rf8 25. Rbe1 Rd6 26. Bf2 h5 27. g5 Rg6 28. h4 Rd6 29. Kh2 1/2-1/2